| 000 | 01056nam a2200241 a 4500 | ||
|---|---|---|---|
| 001 | 28686 | ||
| 003 | BD-RjUL | ||
| 005 | 20211209051321.0 | ||
| 008 | 731015s1922 enk 001 0 eng c | ||
| 035 | _a(BD-RjUL)28768 | ||
| 040 |
_aKEN _cKEN _dGZM _dEQO _dBD-RjUL _beng |
||
| 041 | 1 |
_aeng _hara |
|
| 082 |
_223 _a297 _bTAB 1922 |
||
| 100 | 1 |
_aṬabarī, ʿAlī ibn Sahl Rabbān, _dactive 9th century. _9224338 |
|
| 245 | 1 | 4 |
_aThe book of religion and empire : _ba semi-official defence and exposition of Islām written by order at the court and with the assistance of the Caliph Mutawakkil (A.D. 847-861) / _cby ʿAli Ṭabari ; translated with critical apparatus from an apparently unique ms. in the John Rylands Library / by A. Mingana. |
| 260 |
_aManchester : _bUniversity Press ; _aNew York : _bLongmans, Green, _c1922. |
||
| 300 |
_axxiv, 174 p. ; _c23 cm. |
||
| 500 | _aIncludes index. | ||
| 650 | 0 |
_aIslam _vApologetic works. _9224339 |
|
| 700 | 1 |
_aMingana, Alphonse, _d1881-1937, tr. _9224340 |
|
| 942 |
_2ddc _cRAR |
||
| 999 |
_c28686 _d28686 |
||